[Event "Villa Ballester op 73rd"]
[Site "Buenos Aires"]
[Date "2024.01.23"]
[Round "5"]
[White "Leguizamon, Arnaldo"]
[Black "Ojea, Ricardo"]
[Result "1-0"]
[WhiteElo "1816"]
[BlackElo "1978"]
[PlyCount "47"]
[EventDate "2024.01.19"]
[EventType "swiss"]
[EventRounds "9"]
[EventCountry "ARG"]
[SourceTitle "CB06_2024"]
[SourceDate "2024.02.07"]
[SourceVersion "1"]
[SourceVersionDate "2024.02.07"]
[SourceQuality "1"]

1. e4 c5 2. Nf3 a6 3. d4 cxd4 4. Nxd4 Nf6 5. Nc3 e5 6. Nde2 Bc5 7. Qd3 Ng4 8. Nd1 Qb6 9. Qg3 d6 10. h3 Nf6 11. Qxg7 Nxe4 12. Qxh8+ Ke7 13. Qxc8 Nc6 14. Qf5 d5 15. Nec3 Qa5 16. Bd3 Nd6 17. Bg5+ Ke8 18. Qxh7 Rc8 19. 0-0 e4 20. Bxe4 dxe4 21. Nxe4 Nxe4 22. Qxe4+ Kd7 23. Ne3 Re8 24. Rad1+ 1-0

[Event "Villa Ballester op 73rd"]
[Site "Buenos Aires"]
[Date "2024.01.21"]
[Round "4"]
[White "Ojea, Ricardo"]
[Black "Carrizo, Franco"]
[Result "1/2-1/2"]
[WhiteElo "1978"]
[BlackElo "1832"]
[PlyCount "200"]
[EventDate "2024.01.19"]
[EventType "swiss"]
[EventRounds "9"]
[EventCountry "ARG"]
[SourceTitle "CB06_2024"]
[SourceDate "2024.02.07"]
[SourceVersion "1"]
[SourceVersionDate "2024.02.07"]
[SourceQuality "1"]

1. e4 e5 2. Nf3 Nc6 3. Bb5 a6 4. Bxc6 dxc6 5. Nc3 Bd6 6. d4 Qe7 7. dxe5 Bxe5 8. Nxe5 Qxe5 9. 0-0 Bd7 10. Qe2 0-0-0 11. f4 Qe7 12. Be3 Nf6 13. Bf2 Ng4 14. Rad1 Nh6 15. Qe3 b6 16. h3 Rhe8 17. Rfe1 f6 18. a3 Kb7 19. Na4 c5 20. Qb3 Bxa4 21. Qxa4 Rxd1 22. Rxd1 Qxe4 23. Qxe4+ Rxe4 24. Rd7 Nf5 25. g4 Ne7 26. f5 Kc6 27. Rd2 h5 28. gxh5 Nxf5 29. Kg2 Nd6 30. Kf3 Re5 31. Bg3 Rf5+ 32. Bf4 Rxh5 33. Kg4 g6 34. Re2 Ne4 35. Kf3 f5 36. Kg2 g5 37. Be5 Nd6 38. Bf6 Kd5 39. Re5+ Kc6 40. Re7 g4 41. hxg4 fxg4 42. Be5 Rg5 43. Bf4 Rg6 44. Bg3 b5 45. b3 a5 46. a4 Kb6 47. axb5 Nxb5 48. c4 Nd6 49. Be5 g3 50. Bf4 Rg4 51. Be5 Rg6 52. Bf4 Rf6 53. Bxg3 Rg6 54. Re3 Nf5 55. Rd3 Nd4 56. Kh3 Kb7 57. Be5 Ne6 58. Rd7 Kc6 59. Re7 Kb6 60. Rd7 Rg5 61. Bg3 Rg7 62. Rd3 Nd4 63. Be5 Rh7+ 64. Kg4 Nc6 65. Bf6 Nb4 66. Re3 Rd7 67. Kf4 Rd3 68. Ke4 Rd1 69. Bg7 Nc2 70. Rd3 Re1+ 71. Kf4 Rf1+ 72. Ke4 Nb4 73. Re3 Rc1 74. Rf3 a4 75. bxa4 Rxc4+ 76. Ke3 Nd5+ 77. Kd2 Rxa4 78. Rf7 Kb5 79. Be5 c4 80. Bxc7 Ra2+ 81. Kc1 c3 82. Be5 Kc4 83. Rh7 Kb3 84. Rb7+ Nb4 85. Bxc3 Kxc3 86. Rc7+ Kb3 87. Rb7 Rh2 88. Kd1 Kc4 89. Rc7+ Kd4 90. Rd7+ Nd5 91. Rd8 Ke5 92. Re8+ Kf4 93. Kc1 Ne3 94. Kb1 Re2 95. Rf8+ Ke4 96. Re8+ Kf3 97. Rf8+ Kg2 98. Rf7 Nd1 99. Kc1 Nf2 100. Rf8 Kf1 1/2-1/2

[Event "Villa Ballester op 73rd"]
[Site "Buenos Aires"]
[Date "2024.01.19"]
[Round "1"]
[White "Torres Puentes, Camila"]
[Black "Ojea, Ricardo"]
[Result "0-1"]
[WhiteElo "1418"]
[BlackElo "1978"]
[PlyCount "58"]
[EventDate "2024.01.19"]
[EventType "swiss"]
[EventRounds "9"]
[EventCountry "ARG"]
[SourceTitle "CB06_2024"]
[SourceDate "2024.02.07"]
[SourceVersion "1"]
[SourceVersionDate "2024.02.07"]
[SourceQuality "1"]

1. e4 c5 2. Nf3 a6 3. d4 cxd4 4. Nxd4 Nf6 5. Nc3 e5 6. Nf3 Bb4 7. Bd3 d5 8. Bg5 dxe4 9. Bxf6 Qxf6 10. Bxe4 0-0 11. 0-0 Bxc3 12. bxc3 Nc6 13. Qe2 Bf5 14. Rfe1 Rac8 15. Bd3 Rfe8 16. Bxf5 Qxf5 17. Qe4 Qxe4 18. Rxe4 f5 19. Ree1 e4 20. Nd2 Ne5 21. Re3 Nc4 22. Nxc4 Rxc4 23. g3 Rec8 24. Rb1 b5 25. Rb3 R8c5 26. Rb4 Rxc3 27. Rxc3 Rxc3 28. Rb2 Kf7 29. Kg2 Ke6 0-1

[Event "Buenos Aires Najdorf Centenary op"]
[Site "Buenos Aires"]
[Date "2010.04.04"]
[Round "7"]
[White "Ojea, Ricardo"]
[Black "Benedetti, Julio"]
[Result "0-1"]
[WhiteElo "2049"]
[BlackElo "1916"]
[PlyCount "52"]
[EventDate "2010.04.04"]
[EventType "swiss"]
[EventRounds "9"]
[EventCountry "ARG"]
[SourceTitle "CBM 136 Extra"]
[Source "ChessBase"]
[SourceDate "2010.07.02"]
[SourceVersion "2"]
[SourceVersionDate "2010.07.15"]
[SourceQuality "1"]

1. e4 c5 2. c3 d6 3. d4 Nf6 4. Bd3 Nc6 5. Nf3 e6 6. 0-0 Be7 7. Re1 0-0 8. e5 dxe5 9. dxe5 Nd5 10. Qe2 f5 11. exf6 Bxf6 12. Qe4 g6 13. Bh6 Bg7 14. Bxg7 Kxg7 15. Nbd2 Qf6 16. Nc4 Nf4 17. Nce5 Nxe5 18. Nxe5 Rb8 19. Bb5 Qg5 20. Kh1 a6 21. Bd7 b6 22. Bxc8 Rbxc8 23. Rad1 Rcd8 24. Qb7+ Kg8 25. Rxd8 Rxd8 26. g3 Qxe5 0-1

[Event "Buenos Aires Bolivar op 2nd"]
[Site "Buenos Aires"]
[Date "2009.08.24"]
[Round "1"]
[White "Ojea, Ricardo"]
[Black "Slipak, Sergio"]
[Result "0-1"]
[WhiteElo "1974"]
[BlackElo "2452"]
[PlyCount "92"]
[EventDate "2009.08.24"]
[EventType "swiss"]
[EventRounds "9"]
[EventCountry "ARG"]
[SourceTitle "CBM 132 Extra"]
[Source "ChessBase"]
[SourceDate "2009.11.03"]
[SourceVersion "1"]
[SourceVersionDate "2009.11.03"]
[SourceQuality "1"]

1. e4 c6 2. d4 d5 3. Nd2 dxe4 4. Nxe4 Bf5 5. Ng3 Bg6 6. h4 h6 7. Nf3 e6 8. h5 Bh7 9. Bd3 Bxd3 10. Qxd3 Nf6 11. Bd2 c5 12. 0-0-0 Nc6 13. Be3 Qb6 14. dxc5 Bxc5 15. Rhe1 0-0 16. Kb1 Rad8 17. Bxc5 Qxc5 18. Qe2 Nxh5 19. Ne4 Qe7 20. g4 Nf4 21. Qf1 Rxd1+ 22. Rxd1 Rd8 23. g5 Rxd1+ 24. Qxd1 h5 25. Qd2 e5 26. a3 Qe6 27. Qd6 Qxd6 28. Nxd6 b6 29. b4 f6 30. gxf6 gxf6 31. Nh4 Ne7 32. c4 Neg6 33. Ndf5 Nxh4 34. Nxh4 Kf7 35. Kc2 Ng6 36. Nf5 h4 37. Kd3 h3 38. Ke4 Nh4 39. Ng3 Ke6 40. Kd3 f5 41. Nh1 e4+ 42. Ke3 Ke5 43. f4+ Ke6 44. Kf2 h2 45. Kg3 e3 46. a4 Kd6 0-1